Normal view
MARC view
Entry Personal Name
001 - CONTROL NUMBER
- control field: 1243
003 - CONTROL NUMBER IDENTIFIER
- control field: BD-RjUL
005 - DATE AND TIME OF LATEST TRANSACTION
- control field: 20220209120346.0
008 - FIXED-LENGTH DATA ELEMENTS
- fixed length control field: 220209|| aca||aabn | a|a d
040 ## - CATALOGING SOURCE
- Original cataloging agency: BD-RjUL
- Transcribing agency: BD-RjUL
100 ## - HEADING--PERSONAL NAME
- Personal name: ভট্টাচার্য, অজয়
670 ## - SOURCE DATA FOUND
- Source citation: Work cat.: (BD-RjUL)79351: ভট্টাচার্য, অজয় , নানকার বিদ্রোহ /, ২০১৮